000 01299nam a22001697a 4500
008 121218t xxu||||| |||| 00| 0 eng d
050 _aQ175.C23
100 _aCampbell, Donald T.
245 _aExperimental and quasi-experimental designs for research /
_cDonald T. Campbell and Julian C. Stanley
260 _aU.S.A:
_bRand mcnally college publishing company,
_cc1963.
300 _aix, 84p.
_bill
_c22cm.
500 _aIncludes index
505 _aContents: Problem and background -- Three pre-experimental designs: The One-shot case study -- The One-group pretest-pottest design -- The Static-group comparison -- Three true experimental designs: The Pretest-pottest control group design -- The Solomon four-group design -- The Posttest-only control group design -- Quasi-experimental designs: The Time-series experiment -- The Equivalent time samples design -- The Nonequivalent control group design -- Counterbalanced designs -- The Separate-sample pretest-posttest design -- The Separate-sample pretest-posttest control group design -- The Multiple time-series design -- The Recurrent institutional cycle design: a ''patched-up'' -- Regression-discontinuity analysis -- Correlational and ex post facto designs.
650 _bResearch method
700 _aStanley, Julian C.
942 _2lcc
_cBK
999 _c2680
_d10180